01012cam a2200265 a 4500999001500000001000600015003000900021005001700030008004100047020001900088020001500107040003800122082001900160100002100179245012200200260003300322300003200355501001500387504005100402650002500453650002200478942001200500952011700512952011700629 c2990d299019574BD-DhUAP20200301114006.0200301s1998 bg abf b f000 0 eng  a9783836549486  a3836549484 aBD-DhUAPcBD-DhUAPdBD-DhUAPbEng a724.71 JOD223 aJodidio, Philip. a100 contemporary architects = 100 zeitgenssische Architekten :b100 architectes contemorains = J-Z /cPhilip Jodidio. aCologne : bTaschen,cc2013. a848 pages :bill. ;c25 cm. aA-I ; A-Z. aIncludes bibliographical references and index. aArchitecture, Modern aModern Architects 2ddccBK 00102ddc4070aUAPCLbUAPCLcGeneral Stacksd2020-03-01o724.71 JODp3010019574r2020-03-01t1w2020-03-01yBK 00102ddc4070aUAPCLbUAPCLcGeneral Stacksd2020-03-01o724.71 JODp3010019573r2020-03-01t2w2020-03-01yBK